Normal view
MARC view
- الزعبي ، خالد ، الفضل ،منذر
Entry Personal Name
001 - CONTROL NUMBER
- control field: 7312
003 - CONTROL NUMBER IDENTIFIER
- control field: JO-AjAnu
005 - DATE AND TIME OF LATEST TRANSACTION
- control field: 20230606071501.0
008 - FIXED-LENGTH DATA ELEMENTS
- fixed length control field: 230606|| aca||aabn | a|a d
040 ## - CATALOGING SOURCE
- Original cataloging agency: JO-AjAnu
- Transcribing agency: JO-AjAnu
100 ## - HEADING--PERSONAL NAME
- Personal name: الزعبي ، خالد ، الفضل ،منذر
670 ## - SOURCE DATA FOUND
- Source citation: Work cat.: (JO-AjAnu)3784: الزعبي ، خالد ، الفضل ،منذر , author, المدخل الى علم القانون =INTRODUCTION TO THE SCIENCE OF LAW COMPARATIVE STUDY